| 000 | 00539nam a2200169 i 4500 | ||
|---|---|---|---|
| 001 | 150598 | ||
| 003 | ES-MaACL | ||
| 005 | 20230906203606.0 | ||
| 007 | t| | ||
| 008 | 071031s1975 sp ||||1| spa d | ||
| 100 | 1 |
_aValor i Serra, Jordi. _9112982 |
|
| 245 | 1 | 0 |
_aTres historias solariegas de las montaƱas de Alcoy / _cJordi Valor i Serra. |
| 260 |
_aAlicante : _b[Caja de Ahorros Provincial], _c1975. |
||
| 300 |
_a143 p. ; _c22 cm. |
||
| 710 | 2 |
_aCaja de Ahorros Provincial de Alicante. _92280 |
|
| 852 |
_aES-MaACL _jE-7729 _bR.92088 |
||
| 999 |
_c150598 _d150598 |
||